[Event "Canadian op 48th"]
[Site "Toronto"]
[Date "2011.07.17"]
[Round "9"]
[White "Regan, Kenneth"]
[Black "Wajdy, Shebetah"]
[Result "1-0"]
[WhiteElo "2422"]
[BlackElo "2194"]
[PlyCount "71"]
[EventDate "2011.07.09"]
[EventType "swiss"]
[EventRounds "9"]
[EventCountry "CAN"]
[SourceTitle "EXT 2022"]
[Source "ChessBase"]
[SourceDate "2021.10.06"]
[SourceVersion "1"]
[SourceVersionDate "2021.10.06"]
[SourceQuality "1"]

1. e4 c5 2. c3 e6 3. d4 d5 4. e5 Nc6 5. Nf3 Bd7 6. Be2 Nh6 7. 0-0 cxd4 8. cxd4 Nf5 9. Nc3 Be7 10. g4 Nh4 11. Nxh4 Bxh4 12. Be3 f6 13. f4 fxe5 14. dxe5 Be7 15. Qd2 0-0 16. Rad1 Be8 17. Nb5 Bb4 18. Qc2 Rc8 19. Qb3 a6 20. Nd4 Nxd4 21. Bxd4 Bc5 22. Qxb7 Bxd4+ 23. Rxd4 Rc2 24. Bd1 Rc6 25. Qb3 Qa5 26. f5 Qc5 27. Qb4 Qa7 28. fxe6 Rxf1+ 29. Kxf1 Rxe6 30. Rxd5 Qe3 31. Qb3 Qf4+ 32. Qf3 Qc4+ 33. Kg1 Qc1 34. Qc3 Qf4 35. Rd4 Qxe5 36. Bb3 1-0

[Event "Canadian op 48th"]
[Site "Toronto"]
[Date "2011.07.15"]
[Round "7"]
[White "Regan, Kenneth"]
[Black "Cheng, Bindi"]
[Result "0-1"]
[WhiteElo "2409"]
[BlackElo "2385"]
[PlyCount "118"]
[EventDate "2011.07.09"]
[EventType "swiss"]
[EventRounds "9"]
[EventCountry "CAN"]
[SourceTitle "CBM 143 Extra"]
[Source "ChessBase"]
[SourceDate "2011.08.29"]
[SourceVersion "1"]
[SourceVersionDate "2011.08.29"]
[SourceQuality "1"]

1. e4 d5 2. exd5 Nf6 3. c4 c6 4. d4 cxd5 5. Nc3 g6 6. cxd5 Bg7 7. Qa4+ Nbd7 8. g3 0-0 9. Bg2 Nb6 10. Qb3 Bf5 11. Nge2 Bd3 12. d6 exd6 13. Qd1 Ba6 14. 0-0 Qd7 15. b3 Rfe8 16. Re1 Qf5 17. Bf4 g5 18. Bxd6 Ng4 19. f3 Ne3 20. Qd2 Nc2 21. Rad1 Nxe1 22. Rxe1 Rad8 23. Ne4 Qd5 24. Bc5 Bxe2 25. Rxe2 f5 26. Nxg5 Rxe2 27. Qxe2 Bxd4+ 28. Bxd4 Qxd4+ 29. Kf1 Qd1+ 30. Qxd1 Rxd1+ 31. Ke2 Ra1 32. a4 Ra2+ 33. Kf1 Nd5 34. Kg1 Ne3 35. Bh3 Rb2 36. Ne6 Rxb3 37. Kf2 Ra3 38. Nd8 b6 39. Nc6 Nc4 40. Bxf5 Ra2+ 41. Kg1 Rxa4 42. Nxa7 Ne5 43. Nc8 Nxf3+ 44. Kf2 Nd4 45. Bd3 Rb4 46. Ke3 Ne6 47. Nd6 Kg7 48. h4 Rb3 49. Kd2 Nc5 50. Bc2 Ra3 51. g4 Ne6 52. Nf5+ Kh8 53. Bd3 Nc5 54. Bc4 Ne4+ 55. Ke2 Ng3+ 56. Nxg3 Rxg3 57. Be6 Rh3 58. h5 h6 59. Kd2 Rg3 0-1

[Event "Canadian op 48th"]
[Site "Toronto"]
[Date "2011.07.14"]
[Round "6"]
[White "Reshef, Omer"]
[Black "Regan, Kenneth"]
[Result "0-1"]
[WhiteElo "2145"]
[BlackElo "2422"]
[PlyCount "110"]
[EventDate "2011.07.09"]
[EventType "swiss"]
[EventRounds "9"]
[EventCountry "CAN"]
[SourceTitle "EXT 2022"]
[Source "ChessBase"]
[SourceDate "2021.10.06"]
[SourceVersion "1"]
[SourceVersionDate "2021.10.06"]
[SourceQuality "1"]

1. e4 c5 2. Nf3 g6 3. d4 cxd4 4. Nxd4 Nc6 5. Nc3 Bg7 6. Be3 Nf6 7. Nxc6 bxc6 8. e5 Ng8 9. Bd4 f6 10. exf6 Nxf6 11. Qd2 0-0 12. 0-0-0 e5 13. Bxe5 Ne4 14. Nxe4 Bxe5 15. g3 Qb6 16. Bc4+ Kh8 17. Bb3 d5 18. f4 Bg4 19. Rde1 Bd4 20. c3 Bg7 21. Ng5 a5 22. Bd1 Bxd1 23. Rxd1 Rfb8 24. Nf7+ Kg8 25. Ne5 Ra7 26. Rhe1 a4 27. Re2 a3 28. b3 Qa6 29. Kb1 Re7 30. Qd3 Qxd3+ 31. Rxd3 Rbe8 32. Rde3 g5 33. Kc2 Bh6 34. Ng4 Rxe3 35. Rxe3 Rxe3 36. Nxe3 gxf4 37. Nf5 Bg5 38. g4 Kf7 39. Nd4 c5 40. Nb5 f3 41. Kd1 Ke6 42. Ke1 Ke5 43. Nxa3 Kf4 44. Nc2 Bf6 45. c4 d4 46. Kf1 d3 47. Ne1 d2 48. Nd3+ Ke3 49. Nf2 Bh4 50. Nd1+ Kd3 51. b4 Kc2 52. Ne3+ Kc1 53. bxc5 Bg5 54. Kf2 Bxe3+ 55. Kxf3 Bxc5 0-1

[Event "Oxford International"]
[Site "Oxford (Hertford College)"]
[Date "1984.06.26"]
[Round "2"]
[White "Regan, Kenneth"]
[Black "Levitt, Jonathan"]
[Result "1/2-1/2"]
[WhiteElo "2400"]
[BlackElo "2345"]
[PlyCount "63"]
[EventDate "1984.06.25"]
[EventType "tourn"]
[EventRounds "9"]
[EventCountry "ENG"]
[SourceTitle "EXT 1999"]
[Source "ChessBase"]
[SourceDate "1998.11.16"]
[SourceVersion "1"]
[SourceVersionDate "1998.11.16"]
[SourceQuality "1"]

1. e4 e6 2. d4 d5 3. e5 b6 4. Nf3 Ne7 5. c4 Qd7 6. Nc3 Bb7 7. Be2 dxc4 8. Bxc4 Nbc6 9. 0-0 0-0-0 10. Be3 Nf5 11. d5 exd5 12. Bxd5 Bb4 13. Bg5 Bxc3 14. Bxd8 Rxd8 15. Be4 Bd4 16. Qc2 Nce7 17. Rfd1 h5 18. Rac1 Bxe4 19. Qxe4 Qd5 20. Qf4 c5 21. b4 Kb7 22. bxc5 bxc5 23. h3 g6 24. g4 hxg4 25. hxg4 g5 26. Nxg5 Rh8 27. Ne4 Nh4 28. Qf6 Qxe5 29. Qxe5 Nf3+ 30. Kg2 Nxe5 31. Nxc5+ Bxc5 32. Rxc5 1/2-1/2

[Event "Manchester Benedictine op 6th"]
[Site "Manchester"]
[Date "1983.09.09"]
[Round "3"]
[White "Regan, Kenneth"]
[Black "Orr, Mark JL"]
[Result "1-0"]
[WhiteElo "2435"]
[BlackElo "2255"]
[PlyCount "71"]
[EventDate "1983.09.??"]
[EventType "swiss"]
[EventRounds "9"]
[EventCountry "ENG"]
[SourceTitle "EXT 2006"]
[Source "ChessBase"]
[SourceDate "2005.11.24"]
[SourceVersion "1"]
[SourceVersionDate "2005.11.24"]
[SourceQuality "1"]

1. e4 c6 2. c4 e5 3. Nf3 Qc7 4. d4 Bb4+ 5. Nc3 d6 6. Qb3 c5 7. d5 Ne7 8. Bd3 0-0 9. a3 Bxc3+ 10. Qxc3 a5 11. b3 Na6 12. Bd2 b6 13. Nh4 Qd8 14. g3 Bh3 15. f4 exf4 16. 0-0-0 f3 17. Bf1 Bd7 18. Bf4 Nc8 19. Nxf3 a4 20. e5 axb3 21. Bd3 Bg4 22. Rhf1 Bxf3 23. Rxf3 b5 24. Bb1 bxc4 25. Qxc4 b2+ 26. Kxb2 dxe5 27. Bxe5 Nd6 28. Qg4 g6 29. Qf4 Rb8+ 30. Ka1 Rb6 31. g4 Nc7 32. Qh6 f6 33. Bxg6 Qe7 34. Bxf6 Rxf6 35. Bxh7+ Kf7 36. Qg6+ 1-0

[Event "Eksjo-11"]
[Site "Eksjo"]
[Date "1983.??.??"]
[Round "?"]
[White "Regan, Kenneth"]
[Black "Bass, Leonid"]
[Result "0-1"]
[WhiteElo "2435"]
[BlackElo "2405"]
[PlyCount "124"]
[EventDate "1983.??.??"]
[EventType "tourn"]
[EventRounds "9"]
[EventCountry "SWE"]
[EventCategory "5"]
[SourceTitle "EXT 2001"]
[Source "ChessBase"]
[SourceDate "2000.11.22"]
[SourceVersion "1"]
[SourceVersionDate "2000.11.22"]
[SourceQuality "1"]

1. e4 c6 2. c4 d5 3. cxd5 cxd5 4. exd5 Nf6 5. Nc3 Nxd5 6. Nf3 Nc6 7. d4 e6 8. Bd3 Be7 9. 0-0 0-0 10. a3 Nf6 11. Bc2 b6 12. Qd3 Bb7 13. b4 Rc8 14. Bb2 g6 15. Bb3 Nb8 16. Ne5 Nd5 17. Ne4 Nd7 18. Rad1 N7f6 19. Ng5 Nh5 20. Ngf3 Nhf4 21. Qd2 Bg5 22. Kh1 Bf6 23. b5 a6 24. a4 Be7 25. Bxd5 Nxd5 26. Qh6 Bf6 27. Ba3 Bg7 28. Qh3 Re8 29. Nxf7 Kxf7 30. Qxh7 Qf6 31. Ne5+ Qxe5 32. dxe5 Rh8 33. Qxh8 Bxh8 34. Rfe1 Bg7 35. Rd3 Bh6 36. bxa6 Bxa6 37. Rf3+ Kg7 38. h4 Bd2 39. Rb1 Rc4 40. h5 Rh4+ 41. Rh3 Rxh3+ 42. gxh3 gxh5 43. Bb2 Kg6 44. Bd4 Ba5 45. Kg2 Kf5 46. f3 Bd3 47. Rb2 Kf4 48. Kf2 h4 49. Ra2 Bf5 50. Re2 Bxh3 51. Bb2 Kg5 52. Bc1+ Kg6 53. Re4 Kh5 54. Rc4 Bf5 55. Rc8 Kg6 56. Bb2 h3 57. Bd4 Nf4 58. Be3 h2 59. Rh8 Bh3 60. Rh6+ Kxh6 61. Bxf4+ Kg6 62. Bxh2 Bf5 0-1

[Event "Eksjo-11"]
[Site "Eksjo"]
[Date "1983.??.??"]
[Round "?"]
[White "Regan, Kenneth"]
[Black "Rothen, Hakan Nils Karl"]
[Result "1/2-1/2"]
[WhiteElo "2435"]
[BlackElo "2285"]
[PlyCount "113"]
[EventDate "1983.??.??"]
[EventType "tourn"]
[EventRounds "9"]
[EventCountry "SWE"]
[EventCategory "5"]
[SourceTitle "EXT 2001"]
[Source "ChessBase"]
[SourceDate "2000.11.22"]
[SourceVersion "1"]
[SourceVersionDate "2000.11.22"]
[SourceQuality "1"]

1. e4 c5 2. c3 Nf6 3. e5 Nd5 4. d4 cxd4 5. cxd4 d6 6. Nf3 Nc6 7. Bc4 Nb6 8. Bb5 dxe5 9. Nxe5 Bd7 10. Nxd7 Qxd7 11. Nc3 a6 12. Bxc6 bxc6 13. 0-0 g6 14. Re1 Bg7 15. Bg5 Nc8 16. Qf3 h6 17. Bf6 Bxf6 18. Qxf6 0-0 19. Qf4 Qd6 20. Qxh6 Qxd4 21. Rad1 Qg7 22. Qf4 Qf6 23. Qxf6 exf6 24. Na4 Rb8 25. b3 Nb6 26. Nxb6 Rxb6 27. Re7 Rb5 28. Kf1 a5 29. Rd4 Rc5 30. Ke2 Kg7 31. Kd2 Ra8 32. Rc7 Rh8 33. h3 Rhh5 34. Rc4 Rhd5+ 35. Kc3 Rf5 36. f3 Rg5 37. g4 Rge5 38. Rxc6 Rxc6 39. Rxc6 Re3+ 40. Kd4 Rxf3 41. Rc3 Rf2 42. a3 f5 43. b4 axb4 44. axb4 fxg4 45. hxg4 Kf6 46. b5 Kg5 47. Rb3 Rd2+ 48. Ke5 Rd7 49. b6 Rb7 50. Kd5 f5 51. gxf5 gxf5 52. Kc6 Rb8 53. Kc7 Re8 54. b7 f4 55. Kd6 Rb8 56. Ke5 Kg4 57. Ke4 1/2-1/2

[Event "Eksjo-11"]
[Site "Eksjo"]
[Date "1983.??.??"]
[Round "?"]
[White "Regan, Kenneth"]
[Black "Schneider, Lars Ake"]
[Result "1/2-1/2"]
[WhiteElo "2435"]
[BlackElo "2455"]
[PlyCount "47"]
[EventDate "1983.??.??"]
[EventType "tourn"]
[EventRounds "9"]
[EventCountry "SWE"]
[EventCategory "5"]
[SourceTitle "EXT 2001"]
[Source "ChessBase"]
[SourceDate "2000.11.22"]
[SourceVersion "1"]
[SourceVersionDate "2000.11.22"]
[SourceQuality "1"]

1. e4 e5 2. Nf3 Nf6 3. Nc3 Bb4 4. Nd5 Nxd5 5. exd5 e4 6. Nd4 c6 7. Bc4 Qf6 8. c3 Bc5 9. d3 Bxd4 10. cxd4 cxd5 11. Bxd5 exd3 12. 0-0 0-0 13. Qxd3 Nc6 14. Be4 d5 15. Bxd5 Nb4 16. Qb3 Nxd5 17. Qxd5 Rd8 18. Qe5 Qb6 19. d5 Qd6 20. Re1 Qxe5 21. Rxe5 Be6 22. Be3 Rxd5 23. Rxd5 Bxd5 24. Bd4 1/2-1/2

[Event "Baerum"]
[Site "Baerum"]
[Date "1980.??.??"]
[Round "5"]
[White "Regan, Kenneth"]
[Black "Cramling, Dan"]
[Result "1-0"]
[WhiteElo "2410"]
[BlackElo "2330"]
[PlyCount "55"]
[EventDate "1980.08.20"]
[EventType "swiss"]
[EventRounds "9"]
[EventCountry "DEN"]
[SourceTitle "MCD"]
[Source "ChessBase"]
[SourceDate "1999.07.01"]
[SourceVersion "1"]
[SourceVersionDate "1999.07.01"]
[SourceQuality "1"]

1. e4 Nf6 2. e5 Nd5 3. c4 Nb6 4. c5 Nd5 5. Nc3 Nxc3 6. bxc3 d6 7. cxd6 cxd6 8. Nf3 Nc6 9. d4 e6 10. Bd3 Qc7 11. 0-0 dxe5 12. dxe5 Nxe5 13. Nxe5 Qxe5 14. Re1 Qc7 15. Qg4 h5 16. Qg5 Bd7 17. Bf4 Qd8 18. Rxe6+ Bxe6 19. Bb5+ Bd7 20. Re1+ Qe7 21. Bxd7+ Kxd7 22. Qb5+ Kc8 23. Qf5+ Qe6 24. Rxe6 fxe6 25. Qxe6+ Kd8 26. Qd5+ Ke8 27. Bg5 Ba3 28. Qxb7 1-0

[Event "Gausdal International"]
[Site "Gausdal"]
[Date "1980.??.??"]
[Round "?"]
[White "Regan, Kenneth"]
[Black "Sande, Oystein"]
[Result "1-0"]
[WhiteElo "2410"]
[BlackElo "2340"]
[PlyCount "91"]
[EventDate "1980.04.??"]
[EventType "swiss"]
[EventRounds "9"]
[EventCountry "NOR"]
[SourceTitle "MCD"]
[Source "ChessBase"]
[SourceDate "1999.07.01"]
[SourceVersion "1"]
[SourceVersionDate "1999.07.01"]
[SourceQuality "1"]

1. e4 e5 2. Nf3 Nc6 3. d4 exd4 4. Bc4 Nf6 5. e5 Ng4 6. Qe2 Qe7 7. Bf4 d6 8. exd6 Qxe2+ 9. Bxe2 Bxd6 10. Bxd6 cxd6 11. Na3 Be6 12. Nb5 Ke7 13. Nfxd4 Nxd4 14. Nxd4 Ne5 15. 0-0-0 Nc6 16. Bf3 Rac8 17. Rhe1 Nxd4 18. Rxd4 b6 19. Bg4 Kd7 20. Rde4 Bxg4 21. Rxg4 g6 22. Rge4 Rhe8 23. Rxe8 Rxe8 24. Rxe8 Kxe8 25. Kd2 Kd7 26. Kd3 d5 27. Kd4 Kd6 28. a4 g5 29. c4 dxc4 30. Kxc4 Kc6 31. Kd4 Kd6 32. Ke4 Ke6 33. g4 f6 34. f3 Kd6 35. Kf5 Ke7 36. f4 gxf4 37. Kxf4 Ke6 38. Ke4 Kd6 39. Kf5 Ke7 40. g5 fxg5 41. Kxg5 Kf7 42. Kf5 Ke7 43. Ke5 a6 44. b4 a5 45. b5 Kd7 46. Kd5 1-0

[Event "USA U20-ch Hollywood Chess Set"]
[Site "Hollywood"]
[Date "1979.??.??"]
[Round "2"]
[White "Regan, Kenneth"]
[Black "Benjamin, Joel"]
[Result "1-0"]
[WhiteElo "2420"]
[BlackElo "2320"]
[PlyCount "106"]
[EventDate "1979.??.??"]
[EventType "tourn"]
[EventRounds "7"]
[EventCountry "USA"]
[SourceTitle "EXT 2013"]
[Source "ChessBase"]
[SourceDate "2012.11.22"]
[SourceVersion "1"]
[SourceVersionDate "2012.11.22"]
[SourceQuality "1"]

1. e4 c6 2. Nc3 d5 3. Qf3 dxe4 4. Nxe4 Nf6 5. Nxf6+ gxf6 6. c3 Nd7 7. d4 Nb6 8. Ne2 h5 9. Nf4 Bg4 10. Qe4 e6 11. Bd3 Bf5 12. Qf3 Bxd3 13. Nxd3 Nd5 14. Bd2 Be7 15. 0-0 h4 16. Rfe1 Nb6 17. b3 h3 18. g3 Qd5 19. Qxd5 cxd5 20. a4 Nc8 21. c4 dxc4 22. bxc4 Nb6 23. Rec1 Rc8 24. c5 Nd5 25. Rab1 b6 26. a5 bxc5 27. dxc5 Kd7 28. Rb7+ Rc7 29. c6+ Kd6 30. Bb4+ Nxb4 31. Nxb4 Rhc8 32. f4 Bd8 33. Kf2 f5 34. Na6 Re7 35. c7 Bxc7 36. Rxa7 f6 37. Rd1+ Kc6 38. Rc1+ Kd6 39. Nxc7 Rexc7 40. Raxc7 Rxc7 41. Rxc7 Kxc7 42. Kf3 e5 43. g4 e4+ 44. Kg3 fxg4 45. Kxg4 Kc6 46. Kxh3 Kb5 47. Kg2 Kxa5 48. h4 Kb4 49. Kf2 Kc4 50. h5 Kd3 51. Ke1 e3 52. h6 Ke4 53. h7 Kxf4 1-0

[Event "USA U20-ch Hollywood Chess Set"]
[Site "Hollywood"]
[Date "1979.??.??"]
[Round "6"]
[White "Regan, Kenneth"]
[Black "Kudrin, Sergey"]
[Result "1-0"]
[WhiteElo "2420"]
[BlackElo "2360"]
[PlyCount "59"]
[EventDate "1979.??.??"]
[EventType "tourn"]
[EventRounds "7"]
[EventCountry "USA"]
[SourceTitle "EXT 2013"]
[Source "ChessBase"]
[SourceDate "2012.11.22"]
[SourceVersion "1"]
[SourceVersionDate "2012.11.22"]
[SourceQuality "1"]

1. e4 c5 2. c3 d5 3. exd5 Qxd5 4. d4 Nf6 5. Nf3 e6 6. Na3 Be7 7. Nb5 Na6 8. Be2 0-0 9. 0-0 cxd4 10. Nbxd4 Rd8 11. Qc2 Bd7 12. c4 Qa5 13. a3 e5 14. Nb5 e4 15. Ne5 Be8 16. Be3 Rac8 17. Qb1 Bxb5 18. cxb5 Nc7 19. b4 Qa4 20. Bc4 Ncd5 21. Qa2 Kf8 22. Rac1 h6 23. Bb3 Qxb5 24. a4 Qxb4 25. Rxc8 Rxc8 26. Bxd5 Bd6 27. Nxf7 Bb8 28. g3 Qe7 29. Nh8 Qd7 30. Be6 1-0

[Event "USA U20-ch Hollywood Chess Set"]
[Site "Hollywood"]
[Date "1979.??.??"]
[Round "1"]
[White "Youngworth, Perry"]
[Black "Regan, Kenneth"]
[Result "1/2-1/2"]
[WhiteElo "2275"]
[BlackElo "2420"]
[PlyCount "69"]
[EventDate "1979.??.??"]
[EventType "tourn"]
[EventRounds "7"]
[EventCountry "USA"]
[SourceTitle "EXT 2013"]
[Source "ChessBase"]
[SourceDate "2012.11.22"]
[SourceVersion "1"]
[SourceVersionDate "2012.11.22"]
[SourceQuality "1"]

1. c4 e6 2. Nf3 b6 3. g3 Bb7 4. Bg2 Nf6 5. 0-0 Be7 6. b3 d5 7. Bb2 0-0 8. e3 Nbd7 9. Qe2 a5 10. Nc3 a4 11. d3 Nc5 12. Nd4 Qd7 13. f4 dxc4 14. bxc4 Bxg2 15. Kxg2 a3 16. Bc1 Nxd3 17. Qxd3 c5 18. Rb1 cxd4 19. exd4 Rfd8 20. Rd1 Qb7+ 21. Kg1 Qc6 22. Nb5 Ra4 23. Bxa3 Bxa3 24. Nxa3 Rda8 25. Rb3 g6 26. Rdb1 Qe4 27. Rd1 Kg7 28. Qxe4 Nxe4 29. Rdd3 Kf6 30. Kg2 Ke7 31. Kf3 f5 32. Ke2 R8a5 33. Re3 Kd7 34. h4 h5 35. Red3 1/2-1/2

[Event "Budapest Tungsram-04"]
[Site "Budapest"]
[Date "1978.08.??"]
[Round "?"]
[White "Vadasz, Laszlo"]
[Black "Regan, Kenneth"]
[Result "1/2-1/2"]
[WhiteElo "2505"]
[BlackElo "2430"]
[PlyCount "63"]
[EventDate "1978.08.12"]
[EventType "tourn"]
[EventRounds "15"]
[EventCountry "HUN"]
[EventCategory "9"]
[SourceTitle "MCL"]
[Source "ChessBase"]
[SourceDate "1999.07.01"]
[SourceVersion "1"]
[SourceVersionDate "1999.07.01"]
[SourceQuality "1"]

1. Nf3 b6 2. g3 Bb7 3. Bg2 g6 4. d4 Bg7 5. c4 Nf6 6. 0-0 0-0 7. Nc3 Ne4 8. Nxe4 Bxe4 9. Be3 c5 10. Qd2 cxd4 11. Bxd4 Nc6 12. Bxg7 Kxg7 13. Qc3+ Kg8 14. Qe3 Bxf3 15. Bxf3 Qc7 16. Rac1 Rac8 17. Rfd1 Ne5 18. Bg2 d6 19. Bh3 e6 20. b3 Rfd8 21. Rd4 d5 22. f4 Nd7 23. Rdd1 dxc4 24. Rxc4 Nc5 25. Rcd4 Nb7 26. Rxd8+ Rxd8 27. Rc1 Qd7 28. Bg2 Rc8 29. Rxc8+ Qxc8 30. Kf2 Nd6 31. Qe5 Qd8 32. Qd4 1/2-1/2

[Event "USA-ch"]
[Site "Pasadena"]
[Date "1978.??.??"]
[Round "8"]
[White "Regan, Kenneth"]
[Black "Commons, Kim S"]
[Result "1/2-1/2"]
[WhiteElo "2430"]
[BlackElo "2485"]
[PlyCount "110"]
[EventDate "1978.06.??"]
[EventType "tourn"]
[EventRounds "15"]
[EventCountry "USA"]
[EventCategory "10"]
[SourceTitle "MCD"]
[Source "ChessBase"]
[SourceDate "1999.07.01"]
[SourceVersion "1"]
[SourceVersionDate "1999.07.01"]
[SourceQuality "1"]

1. e4 Nf6 2. Nc3 e5 3. Nf3 Nc6 4. Bb5 Bb4 5. d3 Nd4 6. Nxd4 exd4 7. a3 Ba5 8. b4 dxc3 9. bxa5 c6 10. e5 Nd5 11. Qg4 Ne7 12. Ba4 Qxa5 13. 0-0 d6 14. Qxg7 Rg8 15. Qf6 Qxe5 16. Qxe5 dxe5 17. Re1 f6 18. f4 Bh3 19. g3 Ng6 20. fxe5 fxe5 21. Bb3 Rf8 22. Bh6 Rf3 23. d4 Rd8 24. dxe5 Ne7 25. Bc4 b5 26. Be2 Rf5 27. Bd3 Rh5 28. Be3 a5 29. Bb6 Ra8 30. Bd4 Nd5 31. Be4 Bf5 32. Bxd5 cxd5 33. Re3 Rc8 34. Rxc3 Rxc3 35. Bxc3 Bxc2 36. Rc1 Bd3 37. Bxa5 Rxe5 38. Re1 Be4 39. Bc3 Re6 40. Kf2 Rc6 41. Bb2 Kd7 42. Rc1 Rh6 43. h4 Rh5 44. Bd4 Rf5+ 45. Ke2 h5 46. Rc5 Rf3 47. Rc3 Rf8 48. Kd2 Rg8 49. Bf2 Ra8 50. Rb3 Kc6 51. Bd4 Bg2 52. Ke2 Ra4 53. Ke3 Bf1 54. Bb2 Kd7 55. Rb4 Rxb4 1/2-1/2

[Event "USA-ch"]
[Site "Pasadena"]
[Date "1978.??.??"]
[Round "15"]
[White "Tarjan, James Edward"]
[Black "Regan, Kenneth"]
[Result "1/2-1/2"]
[WhiteElo "2510"]
[BlackElo "2430"]
[PlyCount "38"]
[EventDate "1978.06.??"]
[EventType "tourn"]
[EventRounds "15"]
[EventCountry "USA"]
[EventCategory "10"]
[SourceTitle "MCD"]
[Source "ChessBase"]
[SourceDate "1999.07.01"]
[SourceVersion "1"]
[SourceVersionDate "1999.07.01"]
[SourceQuality "1"]

1. d4 Nf6 2. c4 c5 3. d5 g6 4. Nc3 Bg7 5. e4 0-0 6. Nf3 d6 7. h3 e5 8. Bg5 h6 9. Be3 Ne8 10. g4 Na6 11. Rg1 Nac7 12. Bd3 Rb8 13. h4 Bd7 14. a4 b6 15. h5 g5 16. Nd2 Na6 17. Be2 Nb4 18. Nf1 Nc7 19. Bd2 a6 1/2-1/2